| 000 | 00751nam a2200229Ia 4500 | ||
|---|---|---|---|
| 005 | 20260430150741.0 | ||
| 008 | 008 250103s9999 xx 000 0 hin d | ||
| 037 | _aTheses | ||
| 040 | _aCRL | ||
| 040 | _bhin | ||
| 040 | _chin | ||
| 041 | _2hin | ||
| 041 | _ahin | ||
| 084 | _qCRL | ||
| 100 |
_aयादव, क्षमा, ले. _9865619 |
||
| 245 | 0 | _aसंजीव के कथा साहित्य में संक्रमणशील समाज के उभरते नए सवाल | |
| 260 | _c2021 | ||
| 300 | _a243पृ0 | ||
| 700 | _aदिल्ली विश्वविद्यालय. कला संकाय. हिन्दी विभाग | ||
| 942 | _cTH | ||
| 999 |
_c1850591 _d1850591 |
||